Micro controller based digital design of data acquisition card for IBM PC / (Record no. 183343)

000 -LEADER
fixed length control field 00788 a2200193 4500
003 - CONTROL NUMBER IDENTIFIER
control field NUST
005 - DATE AND TIME OF LATEST TRANSACTION
control field 20251112183014.0
040 ## - CATALOGING SOURCE
Transcribing agency Nust
082 ## - DEWEY DECIMAL CLASSIFICATION NUMBER
Classification number 621.382,IQB
100 ## - MAIN ENTRY--PERSONAL NAME
Personal name Iqbal, Muhammad Rashid (TCC-13)
9 (RLIN) 131868
245 ## - TITLE STATEMENT
Title Micro controller based digital design of data acquisition card for IBM PC /
Statement of responsibility, etc. CJUO Muhammad Rashid Iqbal & GC Hassan Askari , GC Umer Zulfiqar and PC Sadaf Abbasi
260 ## - PUBLICATION, DISTRIBUTION, ETC.
Place of publication, distribution, etc. Rawalpindi
Name of publisher, distributor, etc. MCS (NUST)
Date of publication, distribution, etc. 2005
300 ## - PHYSICAL DESCRIPTION
Extent 114 p.;
505 ## - FORMATTED CONTENTS NOTE
Formatted contents note Introduction (Page-1), Electronic Components (Page-4), Inputs to Card (Page-9), Analog to Digital Conversion (page-20), AT89C51 -Bit Microcontroller (Page-27).
650 ## - SUBJECT ADDED ENTRY--TOPICAL TERM
Topical term or geographic name entry element UG Projects
9 (RLIN) 98716
651 ## - SUBJECT ADDED ENTRY--GEOGRAPHIC NAME
Geographic name TCC-13
9 (RLIN) 126050
700 ## - ADDED ENTRY--PERSONAL NAME
Personal name Supervised by Air Cmdr (R0 Saleem Akbar
9 (RLIN) 131869
942 ## - ADDED ENTRY ELEMENTS (KOHA)
Koha item type Project Report
Source of classification or shelving scheme
Holdings
Withdrawn status Lost status Source of classification or shelving scheme Damaged status Not for loan Permanent Location Current Location Shelving location Date acquired Full call number Barcode Date last seen Price effective from Koha item type Public note
          Military College of Signals (MCS) Military College of Signals (MCS) Reference 12/12/2016 621.382,IQB MCSPTC-61 12/08/2016 12/12/2016 Project Report Almirah No. 94, Shelf No. 2
© 2023 Central Library, National University of Sciences and Technology. All Rights Reserved.